Tratado sobre los principios del conocimiento humano alcifrón : (Record no. 23625)

000 -CABECERA
fixed length control field 00985nam a22002417i 4500
003 - IDENTIFICADOR DEL NÚMERO DE CONTROL
control field AR-CdUCM
008 - DATOS DE LONGITUD FIJA--INFORMACIÓN GENERAL
fixed length control field 260423b20192019mx ||||| |||| 00| 0 spa d
020 ## - NÚMERO INTERNACIONAL ESTÁNDAR DEL LIBRO
ISBN 978-607-8580-68-2
040 ## - FUENTE DE LA CATALOGACIÓN
Agencia/entidad que catalogó originalmente la obra MUNICIPALIDAD PROVINCIAL DEL CUSCO
Entidad que transcribió la catalogación BIBLIOTECA MUNICIPAL DEL CUSCO
082 ## - NÚMERO DE LA CLASIFICACIÓN DECIMAL DEWEY
No. de Clasificación 121
Notacion interna B512 / e.2
100 ## - ENTRADA PRINCIPAL--NOMBRE DE PERSONA
Nombre Personal Berkeley, George
245 ## - MENCIÓN DE TÍTULO
Título Tratado sobre los principios del conocimiento humano alcifrón :
Resto del título Estudio introductorio por Carlos Mellizo /
260 ## - PUBLICACIÓN, DISTRIBUCIÓN, ETC.
Lugar de publicación, distribución, etc. Barcelona-España:
Nombre de la editorial, distribuidor, etc. RBA COLECCIONABLES, S.A.U.
Fecha de publicación, distribución, etc. 2018
300 ## - DESCRIPCIÓN FÍSICA
Nº de Páginas Extensión 463 páginas. :
Dimensiones 15x23 cm.
505 ## - NOTA DE CONTENIDO CON FORMATO
Nota de contenido formateada Ciencia y religión -- Traslado a Oxford -- Comentarios filosóficos -- Tres diálogos entre Hilas y Filonus -- La controversia religiosa
650 ## - PUNTO DE ACCESO ADICIONAL DE MATERIA--TÉRMINO DE MATERIA
Descriptor Los filósofos minuciosos
9 (RLIN) 52655
650 ## - PUNTO DE ACCESO ADICIONAL DE MATERIA--TÉRMINO DE MATERIA
Descriptor El error de castigar las acciones
9 (RLIN) 52656
650 ## - PUNTO DE ACCESO ADICIONAL DE MATERIA--TÉRMINO DE MATERIA
Descriptor Carácter del filósofo
9 (RLIN) 52657
856 ## - LOCALIZACIÓN Y ACCESO ELECTRÓNICOS
Dirección electrónica wwwrbacolecionables.com
942 ## - ELEMENTOS DE PUNTO DE ACCESO ADICIONAL (KOHA)
Fuente de clasificación
Tipo de item Libros-BMC
945 ## - PROCESAMIENTO DE INFORMACIÓN LOCAL (OCLC)
Catalogador pbjr
AAAA-MM-DD - Fecha de ingreso o modificacion 23-04-2026
Holdings
Estado de retiro (separado) Fuente de clasificación o esquema de estanterías Estado dañado Ubicación Sala donde se ubica Nombre de la colección Fecha de adquisición o compra Fuente de adquisición Costo, precio normal en soles Signatura topográfica Código de Barras Última vez visto (Koha) Tipo de ítem (Koha)
No     Sala Humanidades Sala Humanidades Book Cart 2026-04-23 Donación 60.00 121 / B512 / e.2 SH0000017104 2026-04-23 Libros-BMC

Powered by Koha